Countries of Italy in 1250 with a Map - Statistics

General Stats
  • This quiz has been taken 4,827 times
  • The average score is 21 of 73
Answers on the Map
Answers color-coded by a green-red scale on the quiz's map according to % correct below.
 
Answer Stats
Countries % Correct
Venice
94%
Sicily
93%
Papal States
88%
Genoa
87%
Milan
86%
Florence
82%
Pisa
70%
Bologna
65%
Verona
61%
Parma
59%
Modena
57%
Savoy
57%
Lucca
52%
Siena
50%
Trent
50%
San Marino
49%
Ravenna
43%
Ferrara
41%
Mantua
37%
Ancona
36%
Aquileia
34%
Bergamo
34%
Brescia
34%
Urbino
34%
Rimini
31%
Perugia
30%
Reggio
30%
Taranto
30%
Pavia
26%
Cremona
23%
Montferrat
23%
Piacenza
23%
Arezzo
22%
Gorizia
22%
Asti
21%
Alessandria
20%
Forli
19%
Novara
19%
Saluzzo
19%
Savona
18%
Spoleto
17%
Arborea
16%
Viterbo
16%
Lodi
15%
Pesaro
15%
Cesena
14%
Pistoia
14%
Brixen
12%
Vercelli
12%
Alba
11%
Assisi
11%
Noli
11%
Crema
10%
Fermo
10%
Finale
10%
Rieti
10%
Logudoro
8%
Orvieto
8%
Faenza
7%
Ivrea
7%
Albenga
6%
Citta di Castello
6%
Camerino
5%
Sovana
5%
Tortona
5%
Casale
4%
Ceva
4%
Mondovì
4%
Pitigliano
4%
Cervia
3%
Malaspina
3%
Oneglia
3%
Scandiano
2%
No matching quizzes found
Score Distribution
Percent of People with Each Score
Percentile by Number Answered
Your Score History
You have not taken this quiz